Представление документа в формате RUSMARC

ПолеНазваниеЗначение
  Тип записи a
  Библиографический уровень a
001 Контрольный номер RU/CBS_UL/BASE/b60e2a663a90495ca60dc02c3c6c103d
005 Дата корректировки 20260306125748.7
100 Данные общей обработки __
a Данные общей обработки 20260306 ||| 0rusy0189 ca
101 Язык документа 0_
a Язык текста rus
102 Страна публикации __
a Страна публикации RU
200 Заглавие и сведения об ответственности 1_
a Заглавие Тренируем память
e Сведения, относящиеся к заглавию [упражнения и народные рецепты для поддержания памяти]
f Первые сведения об ответственности Н. Каркачёва
300 Общие примечания __
a Общие примечания 16+
461 Уровень набора _0
1 2000
a 60 лет - не возраст
463 Уровень физической единицы _0
1 2000
a № 2
v С. 41-45 : фото
1 2101
d 2026
1 001RU/CBS_UL/BASE/14c3e27ed94d4ea2ba526b1962c8bf1c
606 Тематические рубрики 0_
a Основная рубрика Память - Развитие
610 Ключевые слова 0_
a Ключевые слова память
610 Ключевые слова 0_
a Ключевые слова потеря памяти
610 Ключевые слова 0_
a Ключевые слова снижение памяти
610 Ключевые слова 0_
a Ключевые слова тренировка памяти
610 Ключевые слова 0_
a Ключевые слова упражнения для памяти
610 Ключевые слова 0_
a Ключевые слова народные средства для улучшения памяти
610 Ключевые слова 0_
a Ключевые слова улучшение памяти
610 Ключевые слова 0_
a Ключевые слова повышение умственной активности
686 Индексы других классификаций __
2 Код системы rubbk
a Классификационный индекс 88.251.2
700 Автор _1
a Фамилия Каркачёва
b Имя (инициалы) Н.
801 Источник записи _0
a Страна RU
b Организация МБУК ЦБС г. Ульяновска
c Дата составления 20260306
g Правила каталогизации RCR
801 Источник записи _1
a Страна RU
b Организация МБУК ЦБС г. Ульяновска
c Дата составления 20260306
g Правила каталогизации RCR
901 Тип документа __
t Тип документа b
w Контрольный № источника RU/CBS_UL/BASE/14c3e27ed94d4ea2ba526b1962c8bf1c
909 Создатель записи __
a Создатель записи lib2